| 000 | 00844nam a2200229Ia 4500 | ||
|---|---|---|---|
| 001 | b3045-25346 [4354] | ||
| 003 | IT-MiCISF | ||
| 005 | 20230307120716.0 | ||
| 008 | 161014s9999||||xx |||||||||||||| ||und|| | ||
| 040 |
_aIT-MiCISF _cIT-MiCISF |
||
| 041 | _ait | ||
| 100 |
_aMcGuirk James, McGuirk Mary Elizabeth _959617 |
||
| 245 | 0 |
_aIn lotta contro la sterilità. _bUno psicologo e sua moglie si raccontano: le ansie, le cure, la crisi del matrimonio, la loro vittoria |
|
| 260 |
_a Milano, _bFranco Angeli, _c1993 [Edizione originale: 1991] |
||
| 300 | _app. 187 | ||
| 500 | _a / sterilità, donna, uomo, esperienze, procreazione, psicologia, cura, terapia, coppia-in-crisi, adozione, procreazione-artificiale / | ||
| 650 |
_aprocreazione _956309 |
||
| 654 | _atestimonianza | ||
| 700 |
_a _959618 |
||
| 942 |
_cBK _2ddc |
||
| 999 |
_c214364 _d214364 |
||
| 999 | _bsi | ||